[Event "Sundsvall op"]
[Site "Sundsvall"]
[Date "2019.01.04"]
[Round "4"]
[White "Wincent, Ingemar"]
[Black "Kling, Anders"]
[Result "0-1"]
[WhiteElo "1929"]
[BlackElo "2272"]
[PlyCount "85"]
[EventDate "2019.01.04"]
[EventType "swiss"]
[EventRounds "8"]
[EventCountry "SWE"]
[SourceTitle "CBM 188 Extra"]
[Source "ChessBase"]
[SourceDate "2019.02.28"]
[SourceVersion "1"]
[SourceVersionDate "2019.02.28"]
[SourceQuality "1"]

1. d4 Nf6 2. g3 d6 3. Bg2 Nbd7 4. Nf3 e5 5. dxe5 dxe5 6. c4 c6 7. Nc3 Be7 8. 0-0 0-0 9. b3 Qc7 10. h3 Re8 11. Be3 Bf8 12. Qc2 g6 13. Rad1 Nc5 14. b4 Bf5 15. Qc1 Ncd7 16. c5 a5 17. a3 axb4 18. axb4 Bg7 19. g4 Be6 20. Ng5 Bb3 21. Rd2 Re7 22. Nge4 Nxe4 23. Nxe4 Be6 24. Nd6 Rf8 25. b5 cxb5 26. Nxb7 f5 27. gxf5 gxf5 28. c6 Nf6 29. Bc5 Ree8 30. Bd6 Qb6 31. Bxf8 Bxf8 32. Nd6 Bxd6 33. Rxd6 e4 34. Rfd1 Qc7 35. Qh6 Kf7 36. Qf4 Qe7 37. Qe3 b4 38. Qb6 b3 39. c7 Rc8 40. Rxe6 Qxe6 41. Qxe6+ Kxe6 42. Rd8 Rxc7 43. Rd6+ 0-1

[Event "Stockholm op"]
[Site "Stockholm"]
[Date "1993.??.??"]
[Round "?"]
[White "Kling, Anders"]
[Black "Adler, Bo"]
[Result "1-0"]
[WhiteElo "2245"]
[BlackElo "2235"]
[PlyCount "81"]
[EventDate "1993.12.??"]
[EventType "swiss"]
[EventRounds "9"]
[EventCountry "SWE"]
[SourceTitle "EXT 1997"]
[Source "ChessBase"]
[SourceDate "1996.11.15"]
[SourceVersion "1"]
[SourceVersionDate "1996.11.15"]
[SourceQuality "1"]

1. e4 e5 2. Nf3 Nc6 3. Bc4 Nf6 4. d3 Bc5 5. Nc3 h6 6. Be3 Bxe3 7. fxe3 d6 8. a4 0-0 9. 0-0 Kh8 10. Nh4 Ng4 11. Qe1 Nxe3 12. Bxf7 Nxf1 13. Ng6+ Kh7 14. Nxf8+ Qxf8 15. Qf2 Be6 16. Rxf1 Qe7 17. Bxe6 Qxe6 18. Nd5 Rc8 19. Qf7 Qxf7 20. Rxf7 Kg8 21. Rxc7 Rxc7 22. Nxc7 Nb4 23. Nb5 Nxc2 24. Nxd6 Nb4 25. Nxb7 Nxd3 26. b3 Kf8 27. g3 Ke7 28. Kg2 Kd7 29. Kf3 Kc7 30. Ke3 Nc1 31. Na5 Kb6 32. b4 Na2 33. Nc4+ Kc7 34. b5 Nc3 35. Nb2 Kd6 36. Kd3 Na2 37. Kc2 Kc5 38. Nd3+ Kd4 39. a5 Nc3 40. b6 axb6 41. axb6 1-0

[Event "Stockholm op"]
[Site "Stockholm"]
[Date "1993.??.??"]
[Round "?"]
[White "Kling, Anders"]
[Black "Gustavsson, Cyrill"]
[Result "1-0"]
[WhiteElo "2245"]
[BlackElo "2210"]
[PlyCount "55"]
[EventDate "1993.12.??"]
[EventType "swiss"]
[EventRounds "9"]
[EventCountry "SWE"]
[SourceTitle "EXT 1997"]
[Source "ChessBase"]
[SourceDate "1996.11.15"]
[SourceVersion "1"]
[SourceVersionDate "1996.11.15"]
[SourceQuality "1"]

1. e4 e5 2. Nf3 Nc6 3. Bb5 a6 4. Ba4 Nf6 5. 0-0 Be7 6. d4 exd4 7. Re1 0-0 8. e5 Ne8 9. c3 dxc3 10. Nxc3 b5 11. Bb3 d6 12. exd6 Nxd6 13. Nd5 Re8 14. Bf4 Bb7 15. Rc1 Rc8 16. Qd3 Bf8 17. Bg5 Rxe1+ 18. Rxe1 Qd7 19. Bc2 f5 20. Bb3 Kh8 21. Nh4 Nf7 22. Qh3 Nce5 23. Nf4 Nc4 24. Nxf5 Qc6 25. Be7 Re8 26. Bc2 g6 27. Be4 Ng5 28. Qc3+ 1-0